=LDR 00000nam 2200000 4500 =001 INLIS000000000042948 =005 20131008015748 =008 ***********************************ing** =035 ##$$0010-101300000000870 =041 ##$$a ing =082 ##$$a 540 =090 ##$$a 540, Pie g =100 ##$$a Piere, Conway =245 ##$$a General chemistry workbook, haw ro solve chemistry problems, Conway Piere =260 ##$$a 1965 $b san Fransisco =300 ##$$a 264 hlm., 23 cm =650 ##$$a General chemistry =850 ##$$a NBPNMAT